000 00835nam a2200241Ia 4500
003 OSt
005 20221005111815.0
006 a|||||r|||| 00| 0
007 ta
008 221004b |||||||| |||| 00| 0 hin d
024 _a29947
037 _cTextual
040 _aCRL
_cCRL
_bhin
041 _2hin
_ahin
082 _aY:12, 152M3
100 _aपाण्डेय, राजेन्द्र
245 0 _aभारत का सांस्कृतिक इतिहास
246 _aBhārat kā sāanskṛutik itihāsa
260 _aलखनउ
_bउत्तर प्रदेश हिंदी संस्थान भारत
_c1976
300 _a368पृ.
_ccm.
942 _hY:12, 152M3
_cTEXL
_2cc
999 _c1022970
_d1022970